[Event "Mechanics' Vartan Bedjanian TNM; G/2 d/"]
[Site "San Francisco"]
[Date "2018.11.07"]
[Round "3.33"]
[White "Furukawa, Jon"]
[Black "Abdi, Mehron Edward"]
[Result "1-0"]
[WhiteElo "1534"]
[BlackElo "1142"]
[PlyCount "93"]
[EventDate "2018.??.??"]
[Source "ChessBase"]
[SourceDate "2007.09.04"]

1. e4 e5 2. Nf3 Bc5 3. Bc4 d6 4. Nc3 Nf6 5. O-O O-O 6. h3 c6 7. d3 b5 8. Bb3 a5
9. a4 Qb6 10. Qe2 b4 11. Nd1 Ra7 12. Be3 Re7 13. Bxc5 Qxc5 14. Ne3 d5 15. exd5
cxd5 16. Qd2 e4 17. d4 Qd6 18. Nh2 Qf4 19. Rad1 Rd8 20. Neg4 Qf5 21. Nxf6+ Qxf6
22. Qe3 Rc7 23. Qg3 Qe7 24. Ng4 Rc6 25. Ne5 Rb6 26. Rfe1 Nc6 27. Ng4 f5 28. Ne3
Qf7 29. Qh4 f4 30. Qxd8+ Nxd8 31. Bxd5 Re6 32. Ng4 Qh5 33. Bb3 Kf8 34. Bxe6
Bxe6 35. Rxe4 Qg5 36. f3 Bd5 37. Re5 Qg6 38. Rxd5 Nf7 39. Re1 h6 40. Rxa5 Kg8
41. Ra7 Nd6 42. Ra6 h5 43. Ne5 Qe6 44. c4 Qe7 {[#]} 45. Ra8+ Kh7 46. Rh8+ Kxh8
47. Ng6+ 1-0

[Event "Mechanics' Bedjanian TNM; G/2 d/5"]
[Site "San Francisco"]
[Date "2018.10.23"]
[Round "1.6"]
[White "Furukawa, Jon"]
[Black "Fuentes, Romulo"]
[Result "0-1"]
[WhiteElo "1534"]
[BlackElo "2200"]
[PlyCount "38"]
[EventDate "2018.??.??"]
[Source "ChessBase"]
[SourceDate "2007.09.04"]

1. e4 c5 2. c3 d5 3. exd5 Qxd5 4. Nf3 Nc6 5. d4 Bf5 6. Be3 cxd4 7. cxd4 Bxb1 8.
Rxb1 Qxa2 9. Be2 e6 10. O-O Bd6 11. Bb5 Qd5 12. Qa4 Nge7 13. Ne5 Bxe5 14. dxe5
O-O 15. Rfd1 Qxe5 16. Bd3 Qh5 17. Be4 Nd5 18. Bxd5 exd5 19. Rd3 Rad8 {
Black went on to win. Remaining moves unavailable.} 0-1

[Event "Mechanics' Bedjanian TNM; G/2 d/5"]
[Site "San Francisco"]
[Date "2018.12.04"]
[Round "7.29"]
[White "Furukawa, Jon"]
[Black "James, Charles"]
[Result "1-0"]
[WhiteElo "1534"]
[BlackElo "1421"]
[PlyCount "84"]
[EventDate "2018.??.??"]
[Source "ChessBase"]
[SourceDate "2007.09.04"]

1. e4 c5 2. c3 d6 3. d4 cxd4 (3... Nf6 4. dxc5 Nc6 $1) 4. cxd4 Nf6 5. Nc3 a6 6.
Nf3 Nbd7 7. e5 dxe5 8. dxe5 Ng4 9. Bf4 Qb6 10. Qd2 e6 11. h3 Nh6 12. Be2 Bc5
13. O-O Nf5 14. Na4 Qa7 15. Nxc5 Nxc5 16. g4 Ne7 17. Be3 b5 18. Qd6 Ne4 19.
Bxa7 Nxd6 20. exd6 Nd5 21. Bd4 Nf4 22. Bd1 f6 23. Be3 g5 24. Bxf4 gxf4 25. Bb3
e5 26. Bd5 Ra7 27. Bc6+ Bd7 28. Rac1 Kf7 29. Bxd7 Rxd7 30. Rc6 Ke6 31. Rxa6
Rhd8 32. Rd1 Rxd6 33. Raxd6+ Rxd6 34. Rxd6+ Kxd6 35. Nd2 Kd5 36. f3 h6 37. Ne4
Ke6 38. b3 b4 39. Kf2 f5 40. gxf5+ Kxf5 41. Nc5 Kg5 42. Nd3 Kf5 1-0

[Event "Mechanics' Bedjanian TNM; G/2 d/5"]
[Site "San Francisco"]
[Date "2018.11.20"]
[Round "5.17"]
[White "Furukawa, Jon"]
[Black "Winslow, Elliott C"]
[Result "0-1"]
[WhiteElo "1534"]
[BlackElo "2308"]
[Annotator "Winslow,Elliott"]
[PlyCount "58"]
[EventDate "2018.??.??"]
[Source "ChessBase"]
[SourceDate "2007.09.04"]

1. e4 d6 2. d4 Nf6 3. Nc3 g6 4. Nf3 Bg7 5. Be2 O-O 6. O-O c6 7. e5 (7. a4) (7.
h3) (7. Re1) (7. Bg5) (7. Bf4) (7. Be3) 7... dxe5 (7... Nd5 8. Nxd5 cxd5 9. Bf4
dxe5) 8. dxe5 $6 (8. Nxe5 {
is one of those "You mean it loses??!" "Worse -- it draws!" lines.}) 8... Ng4
9. Bf4 Nd7 10. e6 fxe6 11. Bc4 $4 (11. Ng5 Nde5 12. Qxd8 Rxd8 13. Rad1 (13.
Rae1) 13... Rf8 14. Bg3 h6 15. Nge4 h5 16. Rfe1 Nh6 17. Nc5 b6 18. Nb3 Nf5 19.
Bxe5 Bxe5 20. Bf3 Bf6 21. Bxc6 $11 {
1-0 (87) Klosterfrau (2627)-WieNie (2604) playchess.com INT 2007}) 11... Rxf4
12. Bxe6+ Kh8 13. Ng5 Nh6 14. Nce4 Qc7 15. g3 Rf8 16. Bb3 Ne5 17. Be6 Nf3+ 18.
Nxf3 Bxe6 19. Nfg5 Bg8 20. Qe2 e5 (20... Bxb2) (20... b5) 21. Rad1 Rad8 22. b3
Nf5 23. Qg4 Qe7 24. Rde1 h5 25. Qh3 Bh6 26. g4 Bxg5 27. gxf5 Rxf5 28. Ng3 Rf3
29. Re3 Bxe3 (29... Rxe3) 0-1

[Event "Mechanics' Winter TNM; G/2 d5"]
[Site "San Francisco"]
[Date "2018.01.16"]
[Round "2.12"]
[White "Gaffagan, Steven"]
[Black "Abraham, Michael D"]
[Result "1-0"]
[WhiteElo "2089"]
[BlackElo "1678"]
[PlyCount "91"]
[EventDate "2018.??.??"]
[Source "ChessBase"]
[SourceDate "2007.09.04"]

1. d4 Nf6 2. c4 e6 3. g3 d5 4. Nf3 c5 5. cxd5 exd5 6. Bg2 Nc6 7. O-O Bf5 8. Nc3
c4 9. Bg5 Be7 10. Nh4 Be6 11. Nf3 O-O 12. h3 Ne4 13. Bxe7 Nxe7 14. Nd2 f5 15.
e3 Qd7 16. Nf3 Nc6 17. Kh2 Rf6 18. Ne2 g5 19. b4 Nxb4 20. Ne5 Qc7 21. f3 Nd6
22. Qd2 Nc6 23. e4 Nf7 24. Nxf7 Kxf7 25. exd5 Bxd5 26. Qxg5 Rg8 27. Qh4 Rfg6
28. Qxh7+ R6g7 29. Qxf5+ Ke7 30. Rae1 Bf7 31. d5 Kd8 32. f4 Nb4 33. Qf6+ Kc8
34. d6 Qd7 35. Qd4 Nc2 36. Qxa7 Kd8 37. Qa5+ Ke8 38. Qa8+ Qd8 39. d7+ Ke7 40.
Nc3+ Nxe1 41. Rxe1+ Kf6 42. Ne4+ Kg6 43. Qxb7 Be6 44. Ng5 Qxd7 45. Rxe6+ Kf5
46. Be4# 1-0

[Event "Mechanics' Bedjanian TNM; G/2 d/5"]
[Site "San Francisco"]
[Date "2018.11.27"]
[Round "6.3"]
[White "Gaffagan, Steven"]
[Black "Askin, David"]
[Result "1/2-1/2"]
[WhiteElo "2083"]
[BlackElo "2008"]
[Annotator "Winslow,Elliott"]
[PlyCount "84"]
[EventDate "2018.??.??"]
[Source "ChessBase"]
[SourceDate "2007.09.04"]

1. e4 c6 2. d4 d5 3. e5 Bf5 4. Nf3 e6 5. Be2 Ne7 6. Be3 Nd7 7. O-O h6 8. Nbd2
b5 9. a4 a6 10. c3 Nb6 11. axb5 axb5 12. b3 Bg4 13. Qc2 Nf5 14. Bd3 Be7 15. h3
Bxf3 16. Nxf3 Nxe3 17. fxe3 Rxa1 18. Rxa1 O-O 19. Qe2 Qc7 20. Bc2 Rb8 21. Qd3
g6 22. Rf1 c5 23. dxc5 Bxc5 24. b4 Bf8 25. Nd4 Qc4 26. Qd1 Nd7 $2 {[#]} (26...
Qxc3 27. Qf3 Qc7 28. Bxg6 fxg6 29. Nxe6 Qe7 30. Qg4 Nd7 $11 31. Qxg6+ Bg7 32.
Nxg7 Qxg7 33. Qe6+ Kh8 34. Rf7 Qg5 35. Rxd7 Qxe3+) 27. Bxg6 $1 Nxe5 (27... fxg6
28. Qg4 Bg7 29. Qxe6+ Kh8 30. Qxd7 Qxc3 31. Qxd5 Qxe3+ 32. Kh1 $16 Qxe5 $2 33.
Qxe5 Bxe5 34. Nc6 $18) 28. Bxf7+ $1 Nxf7 29. Qg4+ Bg7 (29... Ng5 30. h4) 30.
Qxe6 $2 ({At first} 30. Rxf7 $1 {appeared to be full of promise:} Kxf7 31.
Qxe6+ Kf8 32. Qd6+ Kf7 33. Qxb8 {, but} Bxd4 34. exd4 (34. cxd4 Qxb4 35. Qb7+
Kf6 36. Qb6+ Kg7 37. Kh2 $1 Qc4 $14) 34... Qxc3 35. Qf4+ {
never quite lands a convincing followup.}) 30... Rf8 $15 31. Qg6 $4 {[#]} (31.
Nf5) (31. g3) (31. h4) 31... Qxc3 $4 (31... Qxf1+ 32. Kxf1 Ne5+ 33. Qf5 Rxf5+
34. Nxf5 Nc6 $19) 32. Rf3 $4 (32. Ne6 $18) 32... Ng5 (32... Qc1+ $1 $19) (32...
Qe1+ $1 $19) 33. Rxf8+ Kxf8 34. Qd6+ Kg8 35. Qxd5+ Kh8 $6 (35... Nf7) (35...
Kh7) 36. Qd8+ Kh7 37. Qe7 Qe1+ (37... Qc4) (37... Kg6) 38. Kh2 Qf2 39. Kh1 Qf1+
40. Kh2 Qf2 41. Kh1 Qf1+ 42. Kh2 Qf2 1/2-1/2

[Event "Mechanics' Walter Shipman TNM G/2 d/5"]
[Site "San Francisco"]
[Date "2018.10.02"]
[Round "9.6"]
[White "Gaffagan, Steven"]
[Black "Babayan, Gagik"]
[Result "1-0"]
[WhiteElo "2084"]
[BlackElo "1774"]
[Annotator "Winslow,Elliott"]
[PlyCount "135"]
[EventDate "2018.??.??"]
[Source "ChessBase"]
[SourceDate "2007.09.04"]

1. d4 d5 2. c4 e6 3. Nf3 Be7 4. g3 Nf6 5. Bg2 O-O 6. O-O b6 7. cxd5 exd5 8. Nc3
Be6 9. Ne5 Qc8 10. Bg5 Rd8 11. Rc1 c6 12. Qb3 Qb7 13. h3 Nbd7 14. Nd3 Rac8 15.
Nf4 h6 16. Nxe6 fxe6 17. Bxf6 Nxf6 18. e4 Rf8 19. e5 Nd7 20. h4 Rf7 21. f4 g6
22. Kh2 h5 23. Bh3 Nf8 24. Rc2 Rd8 25. Bg2 Qa6 26. Rfc1 c5 27. Qb5 Qxb5 28.
Nxb5 c4 29. Nc3 Bb4 30. Ne2 b5 31. Ng1 Rc7 32. Nf3 Be7 33. Bh3 a5 34. Rg2 Rdd7
35. g4 hxg4 36. Bxg4 Kh7 37. Rh1 Bd8 38. Kg3 Rg7 39. Ng5+ Bxg5 40. hxg5+ Kg8
41. Rgh2 b4 42. Kf3 c3 43. Rc2 Rc4 44. Ke3 Rgc7 45. b3 R4c6 46. Rh6 Rh7 47.
Rxh7 Kxh7 48. Kd3 Kg7 49. Bd1 Nd7 50. Rh2 Nb6 51. Bc2 Nd7 52. Ke3 Ra6 53. Rh6
Nf8 {[#]} 54. f5 $5 exf5 55. Bxf5 a4 56. Bc2 $6 (56. bxa4 Rxa4 57. Bb1 Ra3 58.
Ke2 $15) 56... axb3 $2 (56... a3 $1 {I'm pretty sure this is a fortress.}) 57.
axb3 $4 (57. Bxb3 $14) 57... Ra1 $19 58. Rh2 Rg1 59. Rf2 Rxg5 60. Rf6 Rg2 $6 (
60... Rg3+ 61. Kf2 Rh3 62. Kg2 Rh4 $19) 61. Bd3 Rb2 (61... g5 $1) 62. Rc6 Rxb3
63. Rc7+ Kg8 64. Rc8 c2 $6 65. Rxc2 Rc3 66. Rb2 b3 67. Kd2 Rc7 68. Rxb3 {
+/=/= .... White went on to win} 1-0

[Event "Mechanics' Winter TNM; G/2 d5"]
[Site "San Francisco"]
[Date "2018.01.30"]
[Round "4.10"]
[White "Gaffagan, Steven"]
[Black "Bachseitz, Martin"]
[Result "1-0"]
[WhiteElo "2089"]
[BlackElo "1789"]
[PlyCount "61"]
[EventDate "2018.??.??"]
[Source "ChessBase"]
[SourceDate "2007.09.04"]

1. c4 e6 2. d4 d5 3. Nf3 Nf6 4. g3 b6 5. Bg2 Bb7 6. cxd5 exd5 7. Nc3 Bb4 8.
Qa4+ Nc6 9. Ne5 Qd6 10. O-O O-O 11. Nb5 Qe7 12. a3 Nxd4 13. Nxd4 Qxe5 14. Nf3
Qxe2 15. axb4 Ne4 16. Qd1 Qc4 17. Qd4 Qxd4 18. Nxd4 c5 19. bxc5 bxc5 20. Nf5 d4
21. Bf4 g6 22. Nd6 Nxd6 23. Bxd6 Bxg2 24. Kxg2 Rfc8 25. Rfc1 c4 26. Be5 d3 27.
Ra4 Re8 28. Bf4 Re2 29. Raxc4 Rxb2 30. Rc8+ Rxc8 31. Rxc8+ 1-0

[Event "Mechanics' Shipman TNM; G/2 d/5"]
[Site "San Francisco"]
[Date "2018.09.18"]
[Round "7.1"]
[White "Gaffagan, Steven"]
[Black "Chambers, Ezra"]
[Result "0-1"]
[WhiteElo "2084"]
[BlackElo "2289"]
[PlyCount "40"]
[EventDate "2018.??.??"]
[Source "ChessBase"]
[SourceDate "2007.09.04"]

1. e4 Nc6 2. Nf3 d6 3. d4 Nf6 4. c3 g6 5. Bd3 Bg7 6. O-O O-O 7. Re1 e5 8. Bb5
Bd7 9. a4 a6 10. Bc4 exd4 11. cxd4 Bg4 12. Nc3 Bxf3 13. gxf3 Nh5 14. Be3 Kh8
15. f4 Qh4 16. Nd5 Rae8 17. f3 Nb8 18. Nxc7 Rc8 19. Nd5 Rxc4 20. Qb3 Rfc8 0-1

[Event "Mechanics' Bedjanian TNM; G/2 d/5"]
[Site "San Francisco"]
[Date "2018.12.04"]
[Round "7.4"]
[White "Gaffagan, Steven"]
[Black "Diaz, Conrado"]
[Result "0-1"]
[WhiteElo "2083"]
[BlackElo "2328"]
[PlyCount "88"]
[EventDate "2018.??.??"]
[Source "ChessBase"]
[SourceDate "2007.09.04"]

1. c4 e5 2. g3 Nc6 3. Bg2 g6 4. Nc3 Bg7 5. d3 d6 6. e4 Nge7 7. Nge2 Be6 8. Nd5
h6 9. h3 O-O 10. O-O f5 11. f4 fxe4 12. dxe4 Qd7 13. Kh2 Kh7 14. Be3 Ng8 15.
Rc1 Rf7 16. Qd2 Nce7 17. b3 c6 18. Ndc3 Qc7 19. fxe5 dxe5 20. Rxf7 Bxf7 21. Rd1
b6 22. a4 Nf6 23. Qd3 Neg8 24. Ng1 Bf8 25. Nf3 Re8 26. Qe2 Be6 27. Rd3 Nd7 28.
Qd1 Nc5 29. Rd2 a5 30. Ng1 Nf6 31. Bf3 Be7 32. Nge2 Rf8 33. Bg2 Kg7 34. Nc1 Nh7
35. Nd3 Nd7 36. Rf2 Rxf2 37. Bxf2 Ng5 38. h4 Nf7 39. Qe2 Nf6 40. Bf3 h5 41. Qe3
Nd7 42. Qe2 Nh6 43. Bg1 Nf6 44. Kh1 Bg4 {
The one scoresheet I have ended here. The position is balanced.} 0-1

[Event "Mechanics' Shipman TNM; G/2 d/5"]
[Site "San Francisco"]
[Date "2018.09.04"]
[Round "5.7"]
[White "Gaffagan, Steven"]
[Black "Hakobyan, Sos"]
[Result "1-0"]
[WhiteElo "2084"]
[BlackElo "1817"]
[Annotator "Winslow,Elliott"]
[PlyCount "115"]
[EventDate "2018.??.??"]
[Source "ChessBase"]
[SourceDate "2007.09.04"]

1. c4 e5 2. g3 Nc6 3. Bg2 g6 4. Nc3 Nf6 5. d3 Bg7 6. e4 O-O 7. Nge2 d6 8. O-O
Be6 9. h3 Qd7 10. Kh2 h5 {(*Instead of* castling, not *after*!)} 11. Be3 Ne7
12. Nd5 c6 13. Nxe7+ Qxe7 14. Qc1 b6 15. Bg5 (15. d4 exd4) (15. f4 $5) (15. Nc3
) 15... Qd7 16. Nc3 Nh7 17. Bh6 Rac8 (17... f5) 18. Bxg7 Kxg7 19. Qe3 Rh8 (
19... h4 20. g4 g5) 20. f4 f6 (20... exf4 21. gxf4 f5) 21. Rf2 Rce8 22. Raf1
exf4 23. Qxf4 Ref8 24. h4 Rf7 25. b4 Rhf8 26. b5 g5 27. Qe3 cxb5 28. Nxb5 gxh4
29. gxh4 Qe7 30. Qf4 Rd8 31. Nd4 Qd7 32. Bf3 Bg4 33. Bxg4 hxg4 34. Nf5+ Kh8 35.
Rg1 Ng5 36. hxg5 Rh7+ 37. Nh6 Qf7 38. Kg2 Qg6 39. Qxf6+ Qxf6 40. Rxf6 Rb8 41.
Rgf1 Rg7 42. Rxd6 Kh7 43. Rf7 Rxf7 44. Nxf7 Kg7 45. Nh6 b5 46. Nf5+ Kf7 47.
Rf6+ Kg8 48. cxb5 Rxb5 49. Ra6 Rb2+ 50. Kg3 Rd2 51. Kxg4 Kf7 52. Rf6+ Kg8 53.
Ra6 Rxd3 54. Rxa7 Rd1 55. g6 Rg1+ 56. Kh5 Rh1+ 57. Kg5 Rg1+ 58. Kf6 1-0

[Event "Mechanics' Shipman TNM; G/2 d/5"]
[Site "San Francisco"]
[Date "2018.09.04"]
[Round "5.7"]
[White "Gaffagan, Steven"]
[Black "Hakobyan, Sos"]
[Result "1-0"]
[WhiteElo "2084"]
[BlackElo "1817"]
[PlyCount "115"]
[EventDate "2018.??.??"]
[Source "ChessBase"]
[SourceDate "2007.09.04"]

1. c4 e5 2. g3 Nc6 3. Bg2 g6 4. Nc3 Nf6 5. d3 Bg7 6. e4 O-O 7. Nge2 d6 8. O-O
Be6 9. h3 Qd7 10. Kh2 h5 11. Be3 Ne7 12. Nd5 c6 13. Nxe7+ Qxe7 14. Qc1 b6 15.
Bg5 Qd7 16. Nc3 Nh7 17. Bh6 Rac8 18. Bxg7 Kxg7 19. Qe3 Rh8 20. f4 f6 21. Rf2
Rce8 22. Raf1 exf4 23. Qxf4 Ref8 24. h4 Rf7 25. b4 Rhf8 26. b5 g5 27. Qe3 cxb5
28. Nxb5 gxh4 29. gxh4 Qe7 30. Qf4 Rd8 31. Nd4 Qd7 32. Bf3 Bg4 33. Bxg4 hxg4
34. Nf5+ Kh8 35. Rg1 Ng5 36. hxg5 Rh7+ 37. Nh6 Qf7 38. Kg2 Qg6 39. Qxf6+ Qxf6
40. Rxf6 Rb8 41. Rgf1 Rg7 42. Rxd6 Kh7 43. Rf7 Rxf7 44. Nxf7 Kg7 45. Nh6 b5 46.
Nf5+ Kf7 47. Rf6+ Kg8 48. cxb5 Rxb5 49. Ra6 Rb2+ 50. Kg3 Rd2 51. Kxg4 Kf7 52.
Rf6+ Kg8 53. Ra6 Rxd3 54. Rxa7 Rd1 55. g6 Rg1+ 56. Kh5 Rh1+ 57. Kg5 Rg1+ 58.
Kf6 1-0

[Event "Mechanics' Bedjanian TNM; G/2 d/5"]
[Site "San Francisco"]
[Date "2018.12.18"]
[Round "9.10"]
[White "Gaffagan, Steven"]
[Black "Hakobyan, Sos"]
[Result "1/2-1/2"]
[WhiteElo "2083"]
[BlackElo "1855"]
[Annotator "Winslow,Elliott"]
[PlyCount "120"]
[EventDate "2018.??.??"]
[Source "ChessBase"]
[SourceDate "2007.09.04"]

1. d4 Nf6 2. c4 c5 3. d5 d6 4. Nc3 g6 5. e4 Bg7 6. Be2 Na6 7. Nf3 Nc7 8. O-O
Bg4 9. Be3 Nd7 10. Qd2 Bxf3 11. Bxf3 a6 12. a4 Rb8 13. Be2 O-O 14. f4 b6 15.
Rae1 Re8 16. Kh1 Nf8 17. Bd3 e6 18. g4 exd5 19. exd5 f6 20. f5 g5 21. h4 h6 22.
Ne4 Nh7 23. Bg1 Re7 24. Bh2 Rd7 25. Bg3 b5 26. b3 bxa4 27. bxa4 Rb4 28. a5 Ne8
29. Re2 Rbb7 30. Rfe1 Re7 31. Re3 (31. h5 $16 {Gaffagan}) 31... gxh4 32. Bxh4
Ng5 33. Bxg5 $16 fxg5 {[#]} (33... hxg5) 34. f6 $6 $11 Bxf6 $2 (34... Nxf6 35.
Nxf6+ Bxf6 36. Re6 Rxe6 37. dxe6 $14) 35. Nxf6+ $2 (35. Qh2 $1 $18) 35... Nxf6
36. Qe2 Kf8 37. Re6 Rxe6 38. Qxe6 {(From here Gaffagan sent in the rest of the
moves and some missed brilliancies:)} Rf7 $2 $18 (38... Ng8 39. Qg6 Rf7 40. Rb1
Rf6 $16) 39. Bg6 $18 Rg7 $2 {[#]} 40. Bf5 $4 (40. Qxf6+ $3 {and mate}) 40...
Rf7 41. Bg6 Rg7 $2 42. Bd3 $2 Rf7 43. Bf5 Kg7 44. Re2 Qf8 45. Bd3 Kh8 46. Rf2
Kg7 47. Qf5 Qe7 48. Re2 Qf8 49. Qg6+ Kh8 50. Qf5 Kg7 51. Rh2 $2 {[#]} (51. Re6
$18) 51... Nxg4 $5 (51... Ne4 $3 52. Qxe4 (52. Bxe4 Rxf5 53. Bxf5 $19) 52...
Rf1+ 53. Kg2 Qf2+ 54. Kh3 Qh4+ 55. Kg2 Rf2+ 56. Kg1 Qxh2#) 52. Qxg4 Rf1+ 53.
Bxf1 Qxf1+ 54. Qg1 Qf3+ 55. Rg2 Qh5+ 56. Rh2 Qf3+ 57. Qg2 Qd1+ 58. Qg1 Qf3+ 59.
Rg2 Qh5+ 60. Rh2 Qf3+ 1/2-1/2

[Event "Mechanics' Shipman TNM; G/2 d/5"]
[Site "San Francisco"]
[Date "2018.08.21"]
[Round "3.9"]
[White "Gaffagan, Steven"]
[Black "Newey, Richard"]
[Result "1-0"]
[WhiteElo "2084"]
[BlackElo "1630"]
[PlyCount "35"]
[EventDate "2018.??.??"]
[Source "ChessBase"]
[SourceDate "2007.09.04"]

1. e4 c5 2. Nf3 e6 3. b4 Nc6 4. bxc5 Bxc5 5. d4 Be7 6. Bd3 Nb4 7. Be2 Qc7 8. c3
Na6 9. Bd3 b6 10. O-O d5 11. Bxa6 dxe4 12. Bb5+ Kf8 13. Ne5 Bd6 14. f4 exf3 15.
Qxf3 Bxe5 16. dxe5 Bb7 17. Ba3+ Ne7 18. Qxf7# 1-0

[Event "Mechanics' Winter TNM; G/2 d5"]
[Site "San Francisco"]
[Date "2018.02.27"]
[Round "8.10"]
[White "Gaffagan, Steven"]
[Black "Pane, Gianluca"]
[Result "1/2-1/2"]
[WhiteElo "2089"]
[BlackElo "1811"]
[PlyCount "31"]
[EventDate "2018.??.??"]
[Source "ChessBase"]
[SourceDate "2007.09.04"]

1. e4 d6 2. d4 Nf6 3. Nc3 e5 4. Nf3 Nbd7 5. h3 Be7 6. Be3 O-O 7. Qd2 c6 8. a4
Re8 9. Bc4 exd4 10. Nxd4 Bf8 11. f3 d5 12. exd5 Nb6 13. Ba2 Nbxd5 14. Nxd5 Nxd5
15. Bxd5 Qxd5 16. O-O 1/2-1/2

[Event "Mechanics' Bedjanian TNM; G/2 d/5"]
[Site "San Francisco"]
[Date "2018.10.30"]
[Round "2.10"]
[White "Gaffagan, Steven"]
[Black "Perlov, Alexander"]
[Result "1/2-1/2"]
[WhiteElo "2083"]
[BlackElo "1689"]
[PlyCount "39"]
[EventDate "2018.??.??"]
[Source "ChessBase"]
[SourceDate "2007.09.04"]

1. e4 d5 2. exd5 Qxd5 3. Nc3 Qd6 4. d4 Nf6 5. Nf3 c6 6. Be2 Bf5 7. O-O e6 8.
Bg5 Be7 9. Ne5 Nbd7 10. Nc4 Qc7 11. Qd2 Nb6 12. Ne5 O-O 13. Rad1 Nbd5 14. Bd3
Bxd3 15. Qxd3 Nxc3 16. bxc3 Rad8 17. Qf3 Nd5 18. Bxe7 Nxe7 19. Rb1 b6 20. Nd3
1/2-1/2

[Event "Mechanics' Bedjanian TNM; G/2 d/5"]
[Site "San Francisco"]
[Date "2018.11.13"]
[Round "4.11"]
[White "Gaffagan, Steven"]
[Black "Uribe, Luiz Antoni"]
[Result "1-0"]
[WhiteElo "2083"]
[BlackElo "1829"]
[Annotator "Winslow,Elliott"]
[PlyCount "53"]
[EventDate "2018.??.??"]
[Source "ChessBase"]
[SourceDate "2007.09.04"]

1. e4 g6 2. d4 Bg7 3. Nc3 d6 4. Be3 Nf6 5. Qd2 h5 6. h3 a6 7. a4 c6 8. Nf3 Qa5
9. Bd3 b5 {[#]} 10. b4 $1 Qxb4 11. O-O (11. axb5 $1) 11... Qa5 12. axb5 Qc7 13.
Rfb1 Bb7 14. e5 (14. bxa6) 14... dxe5 15. dxe5 Nd5 16. Nxd5 cxd5 17. bxa6 Nxa6
18. Bb5+ Kf8 19. Bxa6 Rxa6 20. Rxa6 Bxa6 21. Qa5 $6 (21. Qxd5 $1) 21... Bxe5
22. Qxa6 Qxc2 $6 23. Rc1 Qb2 24. Nxe5 Qxe5 25. Rd1 (25. Qb6) 25... Qe4 26. Bd4
e5 27. Qd6+ 1-0

[Event "Mechanics' Winter TNM; G/2 d5"]
[Site "San Francisco"]
[Date "2018.02.13"]
[Round "6.4"]
[White "Gaffagan, Steven"]
[Black "Vickers, Keith"]
[Result "1/2-1/2"]
[WhiteElo "2089"]
[BlackElo "2200"]
[PlyCount "34"]
[EventDate "2018.??.??"]
[Source "ChessBase"]
[SourceDate "2007.09.04"]

1. c4 e6 2. g3 f5 3. Bg2 Nf6 4. Nc3 Be7 5. d3 O-O 6. Nh3 d6 7. O-O e5 8. f4 c6
9. Kh1 Na6 10. Rb1 Nc7 11. b4 Bd7 12. a4 Rb8 13. b5 Qe8 14. e3 Qh5 15. Qxh5
Nxh5 16. Bf3 Nf6 17. Nf2 exf4 1/2-1/2

[Event "Mechanics' Winter TNM; G/2 d5"]
[Site "San Francisco"]
[Date "2018.01.16"]
[Round "2.20"]
[White "Gallegos, Paul A"]
[Black "Bayaraa, Timothy"]
[Result "1-0"]
[WhiteElo "2203"]
[BlackElo "973"]
[PlyCount "53"]
[EventDate "2018.??.??"]
[Source "ChessBase"]
[SourceDate "2007.09.04"]

1. e4 e5 2. f4 exf4 3. Bc4 Qh4+ 4. Kf1 Bc5 5. d4 Bb6 6. Nf3 Qh6 7. Ne5 d5 8.
Bxd5 Be6 9. Bxb7 Nd7 10. Nxd7 Bc4+ 11. Kg1 Rd8 12. Nxb6 Qxb6 13. Bd5 Bxd5 14.
exd5 Rxd5 15. c3 Ne7 16. Nd2 c5 17. Qa4+ Nc6 18. Nc4 Qc7 19. Bxf4 Qd7 20. Re1+
Kf8 21. dxc5 Rf5 22. Nd6 g6 23. Bh6+ Kg8 24. Re8+ Qxe8 25. Nxe8 Ne5 26. Nf6+
Rxf6 27. Qe8# 1-0

[Event "Mechanics' Winter TNM; G/2 d5"]
[Site "San Francisco"]
[Date "2018.01.30"]
[Round "4.5"]
[White "Gallegos, Paul A"]
[Black "Clemens, Kristian"]
[Result "0-1"]
[WhiteElo "2203"]
[BlackElo "1917"]
[PlyCount "104"]
[EventDate "2018.??.??"]
[Source "ChessBase"]
[SourceDate "2007.09.04"]

1. d4 d5 2. c4 e6 3. Nc3 Be7 4. cxd5 exd5 5. Bf4 c6 6. e3 Nf6 7. Bd3 Bg4 8. f3
Bh5 9. Nge2 Nbd7 10. O-O O-O 11. Qd2 Re8 12. e4 dxe4 13. fxe4 Bb4 14. Ng3 Bg6
15. Rae1 Qb6 16. Bb1 Rad8 17. a3 Bxc3 18. bxc3 c5 19. Kh1 cxd4 20. cxd4 Ne5 21.
d5 Nc4 22. Qc3 Rc8 23. Qb4 Qxb4 24. axb4 Na3 25. Bd3 Rc3 26. Be2 Nxe4 27. Bf3
Nf6 28. d6 Rd8 29. Bxb7 Nc4 30. Rd1 Nb6 31. Rfe1 Rc4 32. Bg5 Rxb4 $11 33. Re7
$4 Rxd6 34. Rde1 Re6 35. R7xe6 fxe6 36. h3 Kf7 37. Ra1 Rb1+ 38. Rxb1 Bxb1 39.
Kg1 Nbd5 40. Ne2 Ne4 41. Bc1 Bd3 42. Nd4 a5 43. Bc8 Nc5 44. Ba3 Nb6 45. Bxc5
Nxc8 46. Nc6 Be4 $1 47. Nxa5 Bd5 $1 48. Kf2 Ne7 49. g3 Nf5 50. g4 Ne7 51. Ke3
Ng6 52. Bd6 Ke8 {The scoresheets end here. White's knight is trapped, but his
bishop can defend it. On the other hand the knight is out of play and Black is
a pawn up. Black later won.} 0-1

[Event "Mechanics' Spring TNM; G/2 d5"]
[Site "San Francisco"]
[Date "2018.03.27"]
[Round "2.45"]
[White "Ganhuya, Regzedmaa"]
[Black "Perlov, Alexander"]
[Result "0-1"]
[WhiteElo "1473"]
[BlackElo "1474"]
[PlyCount "98"]
[EventDate "2018.??.??"]
[Source "ChessBase"]
[SourceDate "2007.09.04"]

1. d4 Nf6 2. c4 e6 3. Nc3 d5 4. e3 Be7 5. Nf3 O-O 6. Ne5 Nbd7 7. Nxd7 Qxd7 8.
Be2 dxc4 9. Bxc4 a6 10. Be2 Rd8 11. O-O b6 12. Bf3 Rb8 13. Qc2 Bb7 14. Ne4 Nxe4
15. Bxe4 Bxe4 16. Qxe4 Qd5 17. Qd3 Ra8 18. Qc3 Rac8 19. b4 c5 20. bxc5 bxc5 21.
Qa5 cxd4 22. Qxd5 Rxd5 23. exd4 Bf6 24. Be3 Bxd4 25. Rac1 Rcd8 26. Rfe1 Bxe3
27. Rxe3 Rd2 28. a3 Kf8 29. g3 Rd1+ 30. Re1 Rxe1+ 31. Rxe1 Rd3 32. a4 a5 33.
Re5 Rd5 34. Re3 Ke7 35. Kf1 Kd6 36. Ke2 Re5 37. Kd3 Rxe3+ 38. fxe3 Kc5 39. Kc3
f5 40. h3 h5 41. h4 e5 42. Kb3 Kd5 43. Kc3 Ke4 44. Kc4 Kxe3 45. Kb5 Kf3 46.
Kxa5 e4 47. Kb5 e3 48. a5 e2 49. a6 e1=Q 0-1

[Event "Mechanics' Spring TNM; G/2 d5"]
[Site "San Francisco"]
[Date "2018.04.10"]
[Round "4.48"]
[White "Giridharan, Durgashankar"]
[Black "Boldt, Tim"]
[Result "1-0"]
[WhiteElo "1489"]
[BlackElo "1329"]
[Annotator "Donaldson"]
[PlyCount "47"]
[EventDate "2018.??.??"]
[Source "ChessBase"]
[SourceDate "2007.09.04"]

1. e4 e5 2. Nf3 Nc6 3. d4 exd4 4. Bc4 Nf6 5. O-O Bc5 6. e5 d5 7. exf6 dxc4 8.
Re1+ Be6 9. Ng5 (9. fxg7 Rg8 10. Ng5 Qd5 {should transpose.}) 9... Qxf6 $4 {
Diagram [#]} (9... Qd5 10. Nc3 Qf5 11. Nce4 O-O-O {
leads to one of the main lines of the Max Lange Attack.}) 10. Nxe6 fxe6 11.
Qh5+ g6 12. Qxc5 Rf8 13. f3 e5 14. Nd2 O-O-O 15. Qxc4 h5 16. Ne4 Qf5 17. Nc5
Rd6 18. Bh6 Rf7 19. b4 Nd8 20. Ne4 Rc6 21. Qd3 Ne6 22. Bd2 Rg7 23. a4 g5 24.
Nd6+ 1-0